Heritage : Vietnam airlines inflight magazine 198
Nội dung số này trình bày: Những đôi mắt phó Hội, nơi lưu giữ những huyền thoại, Huế - những nét đan thanh trên ký ức, những mảng màu di sản, xứ sở của nắng và gió, Vietnam Airlines Can Tho logistics Center underway...
Tallennettuna:
| Aineistotyyppi: | Kirja |
|---|---|
| Kieli: | Vietnamese |
| Julkaistu: |
H.
Vietnam airlines
2018
|
| Aiheet: | |
| Tagit: |
Lisää tagi
Ei tageja, Lisää ensimmäinen tagi!
|
| Thư viện lưu trữ: | Thư viện Trường Đại học Nam Cần Thơ |
|---|
| LEADER | 00984nam a22002057a 4500 | ||
|---|---|---|---|
| 001 | NCT_131938 | ||
| 008 | 220303b xxu||||| |||| 00| 0 vie d | ||
| 999 | |c 6781 |d 6781 | ||
| 041 | 0 | |a vie | |
| 082 | 0 | 4 | |2 23rd ed. |a 915.97 |b H546 |
| 245 | 0 | 0 | |a Heritage : |b Vietnam airlines inflight magazine |n 198 |c Vietnam airlines |
| 260 | |a H. |b Vietnam airlines |c 2018 | ||
| 300 | |c 29 cm | ||
| 310 | |a Tháng 1 kỳ | ||
| 362 | |a 09/2018 | ||
| 520 | 3 | |a Nội dung số này trình bày: Những đôi mắt phó Hội, nơi lưu giữ những huyền thoại, Huế - những nét đan thanh trên ký ức, những mảng màu di sản, xứ sở của nắng và gió, Vietnam Airlines Can Tho logistics Center underway | |
| 655 | |a Tạp chí | ||
| 942 | |2 ddc |c CR | ||
| 952 | |0 0 |1 0 |2 ddc |4 0 |6 915_970000000000000_H546 |7 0 |9 24662 |a 000001 |b 000001 |d 2022-06-01 |o 915.97 H546 |r 2022-06-01 |w 2022-06-01 |y CR | ||
| 980 | |a Thư viện Trường Đại học Nam Cần Thơ | ||